000 00758nam a2200229 i 4500
001 135154
003 ES-MaACL
005 20250829073755.0
007 t|
008 070711s1970 sp a |||| | spa d
080 _a629.78
100 1 _aTiziou, Jacques.
_9110360
245 1 0 _aAl asalto del espacio /
_cJacques Tiziou ; prólogo de François de Closets ; [traducción de Gerardo de la Cierva y Conchita Orozco].
260 _a[Barcelona] :
_bMartínez Roca,
_c[1970]
300 _a256 p. :
_bil. ;
_c23 cm.
650 7 _aExploración espacial
_2embne
_912694
700 1 _aClosets, François.
_939290
700 1 _aCierva, Gerardo de la.
_938788
700 1 _aOrozco, Concepción.
_987326
852 _aES-MaACL
_jC-38250
999 _c135154
_d135154